[Event "Solingen Karneval op"]
[Site "Solingen"]
[Date "2012.02.17"]
[Round "1"]
[White "Hollender, Christoph"]
[Black "Schmidt, Kai Uwe"]
[Result "1/2-1/2"]
[WhiteElo "1831"]
[BlackElo "2031"]
[PlyCount "147"]
[EventDate "2012.02.17"]
[EventType "swiss"]
[EventRounds "5"]
[EventCountry "GER"]
[SourceTitle "EXT 2015"]
[Source "ChessBase"]
[SourceDate "2014.11.20"]
[SourceVersion "1"]
[SourceVersionDate "2014.11.20"]
[SourceQuality "1"]

1. d4 Nf6 2. Nf3 g6 3. c4 Bg7 4. Nc3 0-0 5. e4 d6 6. h3 Na6 7. Be3 e5 8. Qd2 exd4 9. Nxd4 Re8 10. Bd3 Nc5 11. f3 c6 12. Bc2 Qe7 13. Nb3 Be6 14. Nxc5 dxc5 15. Bd3 Rad8 16. Qc2 Nh5 17. 0-0-0 Bd4 18. Qd2 Be5 19. Qc2 Nf4 20. Bf1 Rxd1+ 21. Nxd1 Bc8 22. g3 Nh5 23. g4 Nf4 24. Nf2 Ne6 25. Nd3 Bd4 26. Bd2 Bg7 27. Be3 Bd4 28. Bd2 Bg7 29. Be3 Nd4 30. Qf2 b6 31. Ne1 Qf6 32. Bxd4 cxd4 33. Bd3 Qf4+ 34. Qd2 Qd6 35. Kc2 b5 36. Kb1 Be6 37. cxb5 cxb5 38. Nc2 a6 39. h4 Be5 40. h5 Bf4 41. Qb4 Rd8 42. hxg6 hxg6 43. Rd1 Qb6 44. Be2 Be5 45. Ne1 Rc8 46. Nc2 Bxa2+ 47. Kxa2 Rxc2 48. Qe7 Qe6+ 49. Qxe6 fxe6 50. Re1 Bg3 51. Bd3 Rd2 52. Rg1 Be5 53. Bb1 d3 54. Rf1 Rxb2+ 55. Ka3 Rd2 56. Kb4 Bc7 57. Kc3 Ba5+ 58. Kd4 Bb6+ 59. Kc3 Rf2 60. Rxf2 Bxf2 61. Kxd3 e5 62. Ba2+ Kg7 63. Bd5 Kf6 64. Bb7 a5 65. Bc6 b4 66. Ba4 Kg5 67. Bb3 Kf4 68. Ke2 Bd4 69. Ba4 Bg1 70. Bb3 Bd4 71. Ba4 Bb2 72. Bb3 Kg5 73. Kd3 Kf4 74. Ke2 1/2-1/2

[Event "Nettetal Chessgate op"]
[Site "Nettetal"]
[Date "2004.08.13"]
[Round "7"]
[White "Keuter, Sven"]
[Black "Hollender, Christoph"]
[Result "1-0"]
[WhiteElo "1496"]
[BlackElo "1759"]
[PlyCount "99"]
[EventDate "2004.08.07"]
[EventType "swiss"]
[EventRounds "9"]
[EventCountry "GER"]
[SourceTitle "EXT 2006"]
[Source "ChessBase"]
[SourceDate "2005.11.24"]
[SourceVersion "1"]
[SourceVersionDate "2005.11.24"]
[SourceQuality "1"]

1. d4 d5 2. c4 e6 3. cxd5 exd5 4. Nc3 Nf6 5. Bg5 Be7 6. Nf3 c6 7. e3 0-0 8. Bd3 Nbd7 9. 0-0 Re8 10. Re1 Ne4 11. Bxe7 Qxe7 12. Bxe4 dxe4 13. Nd2 Nf6 14. f3 exf3 15. Qxf3 Qb4 16. Rf1 Be6 17. Nb3 Bxb3 18. axb3 Qxb3 19. e4 Qe6 20. e5 Nd7 21. Ne4 Qd5 22. Rad1 Rf8 23. Nd6 Qxf3 24. Rxf3 c5 25. dxc5 Nxe5 26. Re3 f6 27. Nxb7 Rab8 28. Na5 Rxb2 29. Rc3 Rc8 30. c6 Rb5 31. c7 Nf7 32. Nb3 Rb7 33. Rd7 Kf8 34. Nc5 Rb1+ 35. Kf2 Rb2+ 36. Ke3 Ke8 37. Rcd3 Rc2 38. Ne6 Ne5 39. Nxg7+ Kf8 40. Ne6+ Ke8 41. Rd8+ Ke7 42. Rxc8 Nc4+ 43. Kd4 Nb6 44. Rb8 Rc4+ 45. Ke3 Kxe6 46. Rb7 Nd5+ 47. Rxd5 Kxd5 48. Rxa7 h6 49. Kd3 Rc5 50. Ra5 1-0